Coherent elemental etiology of domestic violence in India from gender perspective (Record no. 524874)

000 -LEADER
fixed length control field 01739nam a22001577a 4500
008 - FIXED-LENGTH DATA ELEMENTS--GENERAL INFORMATION
fixed length control field 240124b ||||| |||| 00| 0 eng d
100 ## - MAIN ENTRY--PERSONAL NAME
Personal name Nayak, Ramesh Chandra
245 ## - TITLE STATEMENT
Title Coherent elemental etiology of domestic violence in India from gender perspective
260 ## - PUBLICATION, DISTRIBUTION, ETC. (IMPRINT)
Place of publication, distribution, etc The Indian Police Journal
300 ## - PHYSICAL DESCRIPTION
Extent 69(2), Apr-Jun, 2022: p.65-80
520 ## - SUMMARY, ETC.
Summary, etc Domestic Violence, being a cataclysmic socio-psychological menace jeopardizes the victims’ wellbeing in India. Researchers claim its coherent seedbeds being masculinity, patriarchy, role segregation, economic inequality and subordination. The gender schema perspective confides these factors to the masculine socialisation in a patriarchal soapbox. Strain and feminist perspectives and family violence approach view its amplification and reproduction rooted in the malfunction of social structure, unequal power relations, gender subordination and family disorganization respectively. Thereupon, in spite of decreeing brassbound and germane legislations, its occurrence seems multiplying with anticlockwise reporting trend. Thus, there may be some bottlenecks in the execution strategies due to inadequate facts about its elemental factors available to the executers. Thus, the need of the hour is to reach at the root of the problem through candid and sensible researches on Domestic Violence and enforce sensitised and integrated participation of the concerned stakeholders in the execution of the laws and awareness creation processes.- Reproduced

https://bprd.nic.in/WriteReadData/userfiles/file/202309260501129197672April-June,2022(F).pdf
650 ## - SUBJECT ADDED ENTRY--TOPICAL TERM
Topical term or geographic name as entry element Domestic violence
9 (RLIN) 48257
773 ## - HOST ITEM ENTRY
Main entry heading The Indian Police Journal
906 ## - LOCAL DATA ELEMENT F, LDF (RLIN)
Subject DIP CRIMES
942 ## - ADDED ENTRY ELEMENTS (KOHA)
Item type Articles
Holdings
Withdrawn status Lost status Source of classification or shelving scheme Damaged status Not for loan Permanent location Current location Date acquired Serial Enumeration / chronology Barcode Date last seen Koha item type
          Indian Institute of Public Administration Indian Institute of Public Administration 2024-01-24 69(2), Apr-Jun, 2022: p.65-80 AR130680 2024-01-24 Articles

Powered by Koha